000
00305nam a22001217a 4500
020
_a
0-07-047839-2
082
_a
005.133-B ORI'B
100
_a
ORILIE, LAWRANCE S ,
_9
57061
245
_a
STRUCTURED BASICS , AN INTEGRATED APPROACH
260
_a
NEWYORK
_b
MCGRAW HILL
_c
1985
300
_a
492P
942
_c
BK
999
_c
567368
_d
567368